| 000 | 00587nam a2200205 u 4500 | ||
|---|---|---|---|
| 005 | 20240228064211.0 | ||
| 008 | 150313s2007 es r 000 0 spa d | ||
| 020 | _a8423685012 | ||
| 035 | _aUPN01000202490 | ||
| 049 | _aI | ||
| 050 | 4 |
_aQL467.2 _bR6.7 |
|
| 100 | 1 |
_aRoca, Núria _933248 |
|
| 245 | 1 | 4 |
_aLas 6 patas / _cNúria Roca ; il. Rosa M. Curto. |
| 260 |
_aBarcelona, Esp. : _bEdebé, _c2007. |
||
| 300 |
_a35 p. : _bil. col. |
||
| 650 | 4 |
_aINSECTOS - _vLITERATURA INFANTIL _911048 |
|
| 650 | 4 |
_aLibros y lectura para niños _92290 |
|
| 905 | _aInfantil | ||
| 999 |
_c174591 _d174591 |
||